MARC

LEADER 00000nam0a2200000 4500
001 272296
005 20231101234523.0
035 |a (RuTPU)RU\TPU\book\295502 
090 |a 272296 
100 |a 20141016d1987 k y0rusy50 ca 
101 0 |a rus 
102 |a RU 
105 |a a z 001zy 
200 1 |a Автоматизация управления качеством на предприятиях связи  |f Ю. А. Бильдюкевич 
210 |a Москва  |c Радио и связь  |d 1987 
215 |a 272 с.  |c ил. 
320 |a Библиогр.: с. 271 
606 1 |a Связь  |2 stltpush  |3 (RuTPU)RU\TPU\subj\54273  |9 72424 
610 1 |a качество 
610 1 |a управление 
610 1 |a автоматизация 
610 1 |a обработка данных 
610 1 |a коммутационное оборудование 
610 1 |a кабельные сооружения 
610 1 |a справочно-информационные системы 
675 |a 654  |v 3 
700 1 |a Бильдюкевич  |b Ю. А.  |g Юрий Александрович 
801 1 |a RU  |b 63413507  |c 20141016 
801 2 |a RU  |b 63413507  |c 20170315  |g RCR 
942 |c BK